Responses for Show #1612 - Tuesday, September 10, 1991

Steve Newman game 5.
Contestant introductions missing.

Contestants

Chip Hilliard, from

Elizabeth Silverman, from New York City

Steve Newman, a computer consultant from Rockville, Maryland (whose 4-day cash winnings total $59,802)

Jeopardy! Round responses

WASHINGTON, D.C.
TREES
KIDDIE LIT
EUROPEAN HISTORY
A.K.A.
MIXED MEADIA
(Alex: ...and notice how we have spelled "Meadia".)
    $100 1
the Capitol

Steve
    $100 8
the willow

Elizabeth
    $100 14
Hansel and Gretel

Steve
    $100 6
the gondola

Steve
    $100 13
Spike Lee

Steve
    $100 19
Las Vegas

Chip
    $200 2
Leonardo da Vinci

Steve
    $200 9
California

Chip
    $200 15
Rumpelstiltskin

Steve
    $200 7
Khrushchev

Chip
    $200 17
Hedda Hopper

Elizabeth
    $200 27
Margaret Mead

Elizabeth
    $300 3
Dulles

Chip
    $300 28
the oak

Chip
    $300 16
Charlotte's Web

Elizabeth
    $300 10
(Elizabeth: What are the Templars?)

(Alex: The Templars, the [*], yes.)

Knights Templar

Elizabeth
    $300 18
Jimmy Durante

Chip
    $300 20
the Army of the Potomac

Steve
    $400 4
(Steve: What is vote?)

(Alex: Be more specific.)

vote for president

Steve
    $400 29
balsa

Elizabeth
    $400 21
(Steve: Who is Ariel? In [*].)

(Alex: [*]. Yes.)

The Little Mermaid

Steve
    $400 11
(Chip: What is Portugal?)

Spain

SteveChip
    $400 25
Winona Ryder

Steve
    $400 23
(Steve: What is a lake?)

meadow

Steve
Triple Stumper
    $700 5
the Smithsonian

Steve
    $500 22
Bremen

Chip
    $500 12
Yalta

Chip
    $500 26
(Chip: Who is Lenny Young?)

(Alex: Chip was on the right track. Who was [*].)

Lenny Bruce

Chip
Triple Stumper
    $500 24
(Alex: Yes, and we have less than a minute to go in the round.)

an architectural firm

Steve

Scores at the first commercial break (after clue 12):

Steve Elizabeth Chip
$1,900 $400 $800

Scores at the end of the Jeopardy! Round:

Steve Elizabeth Chip
$3,500 $1,500 $1,500

Double Jeopardy! Round responses

TURN OF THE CENTURY
QUOTABLE QUOTES
CANADA
THEATRE
THE ELEMENTS
PSYCH 101
    $200 12
Casey Jones

Steve
    $200 17
(Steve: Who is Sherlock Holmes?)

Alexander Graham Bell

SteveElizabeth
    $200 5
red and white

Steve
    $200 7
Equus

Steve
    $200 1
[Elizabeth selected the first clue.]

sodium

Steve
    $200 28
(Alex: [*]. Autistic savant, yes.)

autism

Elizabeth
    $400 6
(Dwight) Davis

Chip
    $400 18
the Avon

Chip
    $400 14
the Yukon

Steve
    $400 13
Pocahontas

Steve
    $400 2
(Alex: Yes, americium.)

America

Elizabeth
    $400 30
the Rorschach test

Steve
    $600 8
the Boxers

Steve
    $600 23
a crowd

Steve
    $600 15
Quebec

Steve
    $600 19
James Joyce

Chip
    $1,000 3
platinum

Elizabeth
    $600 29
The Interpretation of Dreams

Triple Stumper
    $1,000 9
(Alex: The "Maple Leaf Rag", by [*] is correct.)

Scott Joplin

Steve
    $800 24
(Alex: You are correct, and we have less than a minute to go.)

put it to his blind eye

Elizabeth
    $800 16
John

Triple Stumper
    $800 20
Picnic

Steve
    $800 4
the Moon

Chip
    $800 27
(Elizabeth: What is the ego?)

(Chip: What is the id?)

the superego

SteveElizabethChip
    $1000 11
the Gibson Girl

Steve
    $1000 25
(Steve: Seemed obvious.)

(Elizabeth: Great. Where is he now?)

(Alex: You're right. Where is he now?)

woman

Triple Stumper
    $1000 22
British Columbia

Steve
    $1000 21
You Can't Take It with You

Chip
    $1000 10
thorium

Steve
    $1000 26
(B.F.) Skinner

Elizabeth

Scores at the end of the Double Jeopardy! Round:

Steve Elizabeth Chip
$12,700 $4,300 $3,900
(lock game)

[wagering suggestions for these scores]

Final Jeopardy! Round responses

CLASSICAL MUSIC
(Alex: Something to hum.)
(Alex: [To Elizabeth] Oh, a little boat on top of the wager.)
ChipWhat is the Fireworks Suite
$3,000
ElizabethWhat Water Music ⛵
$4,300
SteveWhat is the Firework Music
$3,000
Music for the Royal Fireworks

Final scores:

Steve Elizabeth Chip
$15,700 $0 $6,900
5-day champion: $75,502 3rd place: his and hers watches + Jeopardy! home game or Jeopardy! Challenger 2nd place: Mexican vacation + Jeopardy! home game or Jeopardy! Challenger

Game dynamics:

Coryat scores:

Steve Elizabeth Chip
$12,300 $3,900 $3,900
29 R
(including 2 DDs),
2 W
12 R
(including 1 DD),
1 W
13 R,
3 W

Combined Coryat: $20,100

[game] [game scores] [suggest correction]

Game tape date: Unknown
The J! Archive is created by fans, for fans. Scraping, republication, monetization, and malicious use prohibited; this site may use cookies and collect identifying information. See terms. The Jeopardy! game show and all elements thereof, including but not limited to copyright and trademark thereto, are the property of Jeopardy Productions, Inc. and are protected under law. This website is not affiliated with, sponsored by, or operated by Jeopardy Productions, Inc. Join the discussion at JBoard.tv.